| 000 | 01106cam a2200301 i 4500 | ||
|---|---|---|---|
| 001 | 12163 | ||
| 003 | Mx-PuUPA | ||
| 005 | 20240926133032.0 | ||
| 008 | 140415s1991 sp ao r 000 0 spa d | ||
| 020 | _a8476156065 | ||
| 040 |
_aMx-PuUPA _bspa _cMx-PuUPA _dMx-PuUPA _erda |
||
| 041 | 1 |
_aspa _heng |
|
| 100 | 1 |
_aFenwick, Elizabeth, _eautor _98449 |
|
| 240 | 1 | 4 |
_aThe complete book of babycare. _lEspañol |
| 245 | 1 | 0 |
_aCuidados del niño / _cElizabeth Fenwick ; traductora, Cristina Sánchez Sáinz-Trápaga |
| 250 | _aPrimera edición | ||
| 264 | 1 |
_aMadrid : _bMcGraw-Hill Interamericana, _c©1991 |
|
| 300 |
_a104 páginas : _bilustraciones, fotografías ; _c29 cm |
||
| 336 |
_atexto _2rdacontent _btxt |
||
| 337 |
_asin medio _2rdamedia _bn |
||
| 338 |
_avolumen _2rdacarrier _bnc |
||
| 650 | 7 |
_2armarc _aNiños _xCuidados |
|
| 700 | 1 |
_aSánchez Sáinz-Trapaga, Cristina, _etraductor |
|
| 765 | 0 |
_aFenwick, Elizabeth. _dLondon : Dorling Kindersley Limited, ©1990 _tThe complete book of babycare. |
|
| 942 |
_2ddc _cLI _h618 _iF332 |
||
| 999 |
_c12163 _d12163 |
||